000 00701nam a2200193 a 4500
003 0
005 20250307104357.0
008 101013s19uu xx 00 eng d
050 _aPHS BF 637.S4
_b.R995 2010
100 _aRyou, Seo Hee.
245 _aThe relationship of physical attractiveness to self-actualization /
_cRyou Seo Hee.
260 _aLas PiƱas City, Philippines :
_bSouthville International School and Colleges,
_c2010.
300 _a26 pages :
_billustrations ;
_c30 cm.
504 _aIncludes bibliographical references.
650 _aSelf-actualization (Psychology).
650 _aPhysical attractiveness
_xPsychological aspects.
650 _aSelf-perception.
942 _2lcc
_cPASS
999 _c98432
_d98432